Design of equilibrium stage processes (Record no. 13251)

000 -LEADER
fixed length control field 00589nam a22002171 4500
001 - CONTROL NUMBER
control field 13251
003 - CONTROL NUMBER IDENTIFIER
control field BD-DhUET
008 - FIXED-LENGTH DATA ELEMENTS--GENERAL INFORMATION
fixed length control field 740517s1963 nyua b 000 0 eng
020 ## - INTERNATIONAL STANDARD BOOK NUMBER
International Standard Book Number 070586373
040 ## - CATALOGING SOURCE
Original cataloging agency DLC
Transcribing agency OAkU
Modifying agency BD-DhUET
082 ## - DEWEY DECIMAL CLASSIFICATION NUMBER
Classification number 660.28422
Item number SMI/1963
100 1# - MAIN ENTRY--PERSONAL NAME
Personal name Smith, Buford D.
245 10 - TITLE STATEMENT
Title Design of equilibrium stage processes
250 ## - EDITION STATEMENT
Edition statement 1st ed.
260 ## - PUBLICATION, DISTRIBUTION, ETC. (IMPRINT)
Place of publication, distribution, etc. New York
Name of publisher, distributor, etc. McGraw-Hill
Date of publication, distribution, etc. 1963
300 ## - PHYSICAL DESCRIPTION
Extent 647 p.
Other physical details ill.
Dimensions 24 cm.
490 ## - SERIES STATEMENT
Series statement McGraw-Hill chemical engineering series
504 ## - BIBLIOGRAPHY, ETC. NOTE
Bibliography, etc Includes bibliographies
650 #0 - SUBJECT ADDED ENTRY--TOPICAL TERM
Topical term or geographic name as entry element Chemical equilibrium
942 ## - ADDED ENTRY ELEMENTS (KOHA)
Koha item type General Book
Holdings
Price effective from Koha item type Shelving location Copy number Koha normalized classification for sorting Piece designation (barcode) Location (home branch) Damaged status Source of classification or shelving scheme Sublocation or collection (holding branch) Koha full call number Withdrawn status Koha date last seen Lost status Date acquired Not for loan
2015-03-02General BookCirculation section1660_284220000000000_SMI_196334954Central Library, BUET  Central Library, BUET660.28422/SMI/1963 2015-03-02 2015-03-02 
2015-03-03General BookCirculation section2660_284220000000000_SMI_196329845Central Library, BUET  Central Library, BUET660.28422/SMI/1963 2015-03-03 2015-03-03 
2015-03-03General BookCirculation section3660_284220000000000_SMI_196329841Central Library, BUET  Central Library, BUET660.28422/SMI/1963 2015-03-03 2015-03-03 
2015-03-03General BookCirculation section4660_284220000000000_SMI_196329847Central Library, BUET  Central Library, BUET660.28422/SMI/1963 2015-03-03 2015-03-03 
2015-03-03General BookCirculation section5660_284220000000000_SMI_196329853Central Library, BUET  Central Library, BUET660.28422/SMI/1963 2015-03-03 2015-03-03 
2015-03-03General BookCirculation section6660_284220000000000_SMI_196329843Central Library, BUET  Central Library, BUET660.28422/SMI/1963 2015-03-03 2015-03-03 
2015-03-03General BookCirculation section7660_284220000000000_SMI_196329844Central Library, BUET  Central Library, BUET660.28422/SMI/1963 2015-03-03 2015-03-03 
2015-03-03General BookCirculation section8660_284220000000000_SMI_196329840Central Library, BUET  Central Library, BUET660.28422/SMI/1963 2015-03-03 2015-03-03 
2015-03-03General BookCirculation section9660_284220000000000_SMI_196334955Central Library, BUET  Central Library, BUET660.28422/SMI/1963 2015-03-03 2015-03-03 
2015-05-11General BookCirculation section10660_284220000000000_SMI_196311477Central Library, BUET  Central Library, BUET660.28422/SMI/1963 2015-05-11 2015-05-11 
2015-05-11General BookCirculation section11660_284220000000000_SMI_196329846Central Library, BUET  Central Library, BUET660.28422/SMI/1963 2015-05-11 2015-05-11 
2015-05-11General BookCirculation section12660_284220000000000_SMI_196334953Central Library, BUET  Central Library, BUET660.28422/SMI/1963 2015-05-11 2015-05-11 
2015-05-11General BookCirculation section13660_284220000000000_SMI_196318836Central Library, BUET  Central Library, BUET660.28422/SMI/1963 2015-05-11 2015-05-11 
2015-05-11General BookCirculation section14660_284220000000000_SMI_196329854Central Library, BUET  Central Library, BUET660.28422/SMI/1963 2015-05-11 2015-05-11 
2015-05-11General BookCirculation section15660_284220000000000_SMI_196329856Central Library, BUET  Central Library, BUET660.28422/SMI/1963 2015-05-11 2015-05-11 
2015-05-19General BookCirculation section16660_284220000000000_SMI_196329848Central Library, BUET  Central Library, BUET660.28422/SMI/1963 2015-05-19 2015-05-19 
2015-06-18Reading ItemReading section17660_284220000000000_SMI_19636449Central Library, BUET  Central Library, BUET660.28422/SMI/1963 2015-06-18 2015-06-18